01842nam a2200373 i 4500001001000000003000900010005001700019007000300036008004100039020001800080040003000098041000800128082002200136100006000158245004200218264007300260300002800333336002700361337003400388338002900422490001400451500006300465590002600528650003800554650004100592910003800633942001400671952014100685952014200826952014100968952020701109952013501316999001701451000037866DO-SdBNP20260430115942.0ta091019s2010 dr 000 f spa d a9789945460025 aDO-SdBNPbspacBNPHUerda aspa 4a863.5bP438m 2221 aPérez Galdós, Benito,d1843-1920936814aut.eautor10aMarianela /cBenito Pérez Galdós. aSanto Domingo, República Dominicana :bEditorial Santuario,c2010. a175 páginas ;c22 cm. atextobtxt2rdacontent asin mediaciónbn2rdamedia  avolumen bnc2rdacarrier0 aSantuario aIncluye datos biográficos del autor en la contracubierta aInventariado, 2019/BT 7aNovela española911232LIBRUNAM 7aLiteratura española96322LIBRUNAM aValidado. Control de calidad. MFF 2ddccLBS1 00102ddc56708DSaBNPHUbBNPHUcHDd2013-03-07l0oBNPHU 863.5 P438mp37866-30r2020-06-25te.3w2020-06-25yLBS1ZPréstamo en sala 00112ddc56708DSaBNPHUbBNPHUcMId2013-06-26l0oBNPHU 863.3 P438mp37866-40r2020-06-25te.4 w2020-06-25yLBS1ZPréstamo en sala 00112ddc56708DSaBNPHUbBNPHUcMId2013-06-26l0oBNPHU 863.3 P438mp37866-50r2020-06-25te.5w2020-06-25yLBS1ZPréstamo en sala 00102ddc51708PDaBNPHUbBNPHUcHDd2013-03-07eCompral0oBNPHU 863.5 P438m 1998p37866-10r2020-06-25w2020-06-25yLBS1zPerteneció a la biblioteca personal de Juan Isidro GrullónZNo se presta 00102ddc51708PDaBNPHUbBNPHUcHDd2013-03-07l0oBNPHU 863.3 P438mp37866-20r2020-06-25te.2w2020-06-25yLBS1ZNo se presta c37356d37356